Theory of functions of real variables /
Guardado en:
| Autor Principal: | |
|---|---|
| Formato: | Libro |
| Idioma: | English |
| Publicado: |
Englewood Cliffs, N.J. :
Prentice-Hall,
c1953.
|
| Series: | Prentice-Hall mathematics series
|
| Materias: | |
| Etiquetas: |
Agregar Etiqueta
Sin Etiquetas, Sea el primero en etiquetar este registro!
|
| LEADER | 00873nam a22002055a 4500 | ||
|---|---|---|---|
| 001 | MAT.inmabb002785 | ||
| 008 | 900425s1953####njua#####b####001#0#eng## | ||
| 005 | 20110908161430.0 | ||
| 245 | 1 | 0 | |a Theory of functions of real variables / |c Henry P. Thielman. |
| 260 | |a Englewood Cliffs, N.J. : |b Prentice-Hall, |c c1953. | ||
| 300 | |a xi, 209 p. : |b il. ; |c 22 cm. | ||
| 440 | 0 | |a Prentice-Hall mathematics series | |
| 504 | |a Incluye referencias bibliográficas. | ||
| 505 | 0 | |a 1. Real numbers -- 2. Sets and operations with sets -- 3. Spaces -- 4. Point sets -- 5. Sequences -- 6. Functions -- 7. Infinite series -- 8. Measure -- 9. Integrals -- 10. The indefinite integral and derivatives. | |
| 100 | 1 | |a Thielman, Henry P. | |
| 650 | 0 | |a Functions of real variables. | |
| 084 | |a 26-01 |2 msc2000 | ||
| 010 | |a 53008763 | ||
| 040 | |a DLC/ICU |c ICU | ||
| 859 | |h 26 |i T432 |p A-5239 |b BIB. MATEMATICA | ||
